Hodnotenie efektívnosti výskumu

Rozvoj výskumu a vývoja ako jedna z priorít Európskej únie a podmienka pre zabezpečenie konkurencieschopnosti voči USA a Japonsku. Klasifikácia a náplň ukazovateľov hodnotenia výskumu a vývoja vo vyspelých krajinách EÚ. Ukazovatele hodnotenia vstupov. Ukazovatele hodnotenia výsledkov výskumu a vývoj...

Ausführliche Beschreibung

Gespeichert in:
Bibliographische Detailangaben
1. Verfasser: Varcholová, Tatiana
Weitere Verfasser: Wolowiec, Tomasz
Format: Buchkapitel
Sprache:Slowakisch
Schlagworte:
Tags: Tag hinzufügen
Keine Tags, Fügen Sie das erste Tag hinzu!

MARC

LEADER 00000naa a2200000 4500
001 0163779
005 20240502083402.6
041 0 |a slo 
044 |a UA 
245 1 0 |a Hodnotenie efektívnosti výskumu  |c Tatiana Varcholová, Tomasz Wolowiec 
520 |a Rozvoj výskumu a vývoja ako jedna z priorít Európskej únie a podmienka pre zabezpečenie konkurencieschopnosti voči USA a Japonsku. Klasifikácia a náplň ukazovateľov hodnotenia výskumu a vývoja vo vyspelých krajinách EÚ. Ukazovatele hodnotenia vstupov. Ukazovatele hodnotenia výsledkov výskumu a vývoja a ich účinkov. Ukazovatele hodnotenia využitia výsledkov výskumu a vývoja. Problémy hodnotenia výskumu a iniciatívy Slovenskej republiky na ich riešenie. 
610 2 0 |a výskum 
610 2 0 |a vývoj 
610 2 0 |a efektívnosť 
610 2 0 |a investície 
610 2 0 |a Slovensko 
610 2 0 |a Európska únia 
100 1 |a Varcholová, Tatiana 
700 1 |a Wolowiec, Tomasz